الفكر التربوي و النفسي عند الغزالي / (Record no. 127867)

MARC details
000 -LEADER
fixed length control field 00484nam a22001697a 4500
005 - DATE AND TIME OF LATEST TRANSACTION
control field 20251108175154.0
008 - FIXED-LENGTH DATA ELEMENTS--GENERAL INFORMATION
fixed length control field 250721s2000 xx 000 0 ara d
082 14 - DEWEY DECIMAL CLASSIFICATION NUMBER
Classification number 370.1/عسك
100 1# - MAIN ENTRY--PERSONAL NAME
Personal name العسكري، كفاح
245 10 - TITLE STATEMENT
Title الفكر التربوي و النفسي عند الغزالي /
264 1# - PRODUCTION, PUBLICATION, DISTRIBUTION, MANUFACTURE, AND COPYRIGHT NOTICE
Place of production, publication, distribution, manufacture بغداد :
Name of producer, publisher, distributor, manufacturer دار الشؤون،
Date of production, publication, distribution, manufacture, or copyright notice 2000.
300 ## - PHYSICAL DESCRIPTION
Extent 223ص.
650 17 - SUBJECT ADDED ENTRY--TOPICAL TERM
Topical term or geographic name as entry element الفلسفة
650 17 - SUBJECT ADDED ENTRY--TOPICAL TERM
Topical term or geographic name as entry element التعليم
942 ## - ADDED ENTRY ELEMENTS (KOHA)
Source of classification or shelving scheme Dewey Decimal Classification
Koha item type Books
Holdings
حالة السحب حالة الفقدان مصدر التصنيف حالة التلف غير قابل للإعارة المكتبة الرئيسية المكتبة الحالية موقع الرف تاريخ التزويد الرقم المتسلسل Total Checkouts رقم الإستدعاء الباركود تاريخ آخر ظهور تاريخ الفاتورة نوع المادة (كوها)
    Dewey Decimal Classification     مكتبة أم قصير والمقابلين العامة مكتبة أم قصير والمقابلين العامة الإعارة 04/08/2014 409078   370.1/عسك PLD00338379 28/07/2025 04/08/2014 Books
    Dewey Decimal Classification     مكتبة الأميرة ايمان العامة مكتبة الأميرة ايمان العامة الإعارة 11/11/2013 409070   370.1/عسك PLD00285835 28/07/2025 11/11/2013 Books
    Dewey Decimal Classification     مكتبة الحسن العامة مكتبة الحسن العامة الإعارة 06/10/2018 409075   370.1/عسك PLD00435384 28/07/2025 06/10/2018 Books
    Dewey Decimal Classification   Not For Loan مكتبة الراية الهاشمية للأطفال مكتبة الراية الهاشمية للأطفال الأطفال 30/09/2015     370.1/عسك PLD00350378 28/07/2025 30/09/2015 Books
    Dewey Decimal Classification     مكتبة حمزة العامة مكتبة حمزة العامة الإعارة 02/02/2016 409076   370.1/عسك PLD00371215 28/07/2025 02/02/2016 Books
    Dewey Decimal Classification     مكتبة صويلح العامة مكتبة صويلح العامة الإعارة 28/04/2019 409071   370.1/عسك PLD00451898 28/07/2025 28/04/2019 Books
Implemented & Customized by: BBB with SCIT (Smart Chains for Information Technology)

Powered by Koha